| 000 | 00592nam a2200193 u 4500 | ||
|---|---|---|---|
| 005 | 20210223131223.0 | ||
| 008 | 100215s2004 ch r 000 0 spa d | ||
| 020 | _a9567250103 | ||
| 035 | _aUPN01000174742 | ||
| 049 | _aI | ||
| 050 | 4 |
_aPZ74.1 _bP3.7 |
|
| 100 | 1 |
_aPeña Muñoz, Manuel, _d1951- _931107 |
|
| 245 | 1 | 0 |
_aTalismanes para un mundo feliz / _cManuel Peña Muñoz ; il. Carlos Rojas Maffioletti. |
| 260 |
_aSantiago de Chile : _bNorma, _b2003. |
||
| 300 |
_a95 p. : _bil. |
||
| 440 | 0 |
_aTorre de papel. _pAzul |
|
| 650 | 4 |
_aCUENTOS INFANTILES CHILENOS _911282 |
|
| 905 | _aInfantil | ||
| 999 |
_c146846 _d146846 |
||